[Event "Konik Morski Rewala OPEN A"]
[Site "Rewal"]
[Date "2007.08.28"]
[Round "8.42"]
[White "Mazalon, Mariusz"]
[Black "Wiewiora, Eneasz"]
[Result "1-0"]
[WhiteElo "2158"]
[BlackElo "1911"]
[PlyCount "113"]
[EventDate "2007.??.??"]

1. Nf3 Nf6 2. d4 g6 3. b4 Bg7 4. Bb2 O-O 5. e3 d5 6. c4 c6 7. Nc3 Bf5 8. Be2
Qd6 9. Qb3 Nbd7 10. cxd5 cxd5 11. a4 Rac8 12. O-O Ne4 13. Rfc1 Ndf6 14. Nxe4
Nxe4 15. b5 g5 16. Ba3 Qe6 17. Qb4 Bf6 18. a5 g4 19. Nd2 Bg5 20. Nxe4 Bxe4 21.
Qd2 f5 22. g3 Qh6 23. Rxc8 Rxc8 24. Rc1 Qe6 25. Rxc8+ Qxc8 26. Bc5 Qb8 27. Qb4
Kf7 28. b6 axb6 29. Qxb6 Qc8 30. Qb5 h5 31. h4 Bf6 32. Bd1 e6 33. Qb6 Qd7 34.
Bb4 Bd3 35. Qc5 Bb5 36. Qf8+ Kg6 37. f3 Qd8 38. fxg4 hxg4 39. h5+ Kg5 40. Qf7
Qe8 41. Qxb7 Bc4 42. Qh7 Qxh5 43. Qxh5+ Kxh5 44. Ba4 f4 45. gxf4 Kh4 46. Be1+
Kh3 47. Bd7 e5 48. dxe5 Be7 49. f5 Bc5 50. f6 Bxe3+ 51. Bf2 Bf4 52. Bd4 Bh2+
53. Kf2 Bg3+ 54. Ke3 Kg2 55. f7 Bf2+ 56. Kf4 Bxd4 57. f8=Q 1-0

[Event "Konik Morski Rewala OPEN A"]
[Site "Rewal"]
[Date "2007.08.28"]
[Round "8.43"]
[White "Kowalska, Sara"]
[Black "Kopisch, Martin"]
[Result "1/2-1/2"]
[WhiteElo "1867"]
[BlackElo "2154"]
[PlyCount "66"]
[EventDate "2007.??.??"]

1. d4 d5 2. c4 e6 3. Nc3 c6 4. Nf3 Nf6 5. cxd5 exd5 6. Bg5 Be7 7. Qc2 Bg4 8.
Ne5 Be6 9. e3 Nbd7 10. Nxd7 Qxd7 11. Bd3 h6 12. Bh4 Nh5 13. Bg3 O-O 14. O-O
Nxg3 15. hxg3 f5 16. Rab1 Bd6 17. Ne2 Rf6 18. b4 Rc8 19. a4 Qe7 20. Qb2 Bd7 21.
Qd2 g5 22. f4 g4 23. Kf2 Re8 24. Rh1 Kg7 25. b5 Re6 26. bxc6 bxc6 27. Bxf5 Rxe3
28. Bd3 Bf5 29. Ba6 Bxb1 30. Rxb1 Kf6 31. Rb7 Qe6 32. Rxa7 Rb3 33. Rh7 Bf8
1/2-1/2

[Event "Konik Morski Rewala OPEN A"]
[Site "Rewal"]
[Date "2007.08.28"]
[Round "8.44"]
[White "Zilinskas, Vaidas"]
[Black "Siwiec, Arkadiusz"]
[Result "0-1"]
[WhiteElo "2150"]
[BlackElo "2048"]
[PlyCount "116"]
[EventDate "2007.??.??"]

1. e4 c5 2. Nc3 d6 3. Bb5+ Bd7 4. Bxd7+ Qxd7 5. Nf3 g6 6. O-O Bg7 7. Re1 Nc6 8.
d3 Nf6 9. Bg5 O-O 10. Nd5 Nxd5 11. exd5 Ne5 12. Nxe5 dxe5 13. c4 e6 14. dxe6
Qxe6 15. Qf3 Qd7 16. Rab1 b6 17. b4 cxb4 18. Rxb4 f6 19. Bc1 Rfd8 20. Rd1 Rac8
21. Bb2 Bf8 22. Rb3 Qc6 23. Qe2 Bc5 24. Kf1 Rd7 25. Rb1 Rcd8 26. Ba3 Rd4 27.
Bb2 R4d6 28. Ba3 h5 29. Bxc5 Qxc5 30. f3 Rd4 31. Rc3 Qd6 32. Rbb3 f5 33. Rb5 e4
34. Rd5 Rxd5 35. cxd5 exf3 36. gxf3 Qxd5 37. Rc7 Qxd3 38. Rxa7 Qd1+ 39. Qxd1
Rxd1+ 40. Kg2 Rd2+ 41. Kg1 h4 42. h3 g5 43. a4 Rd5 44. Rb7 Rd6 45. Kf2 Kf8 46.
a5 bxa5 47. Rb5 Ra6 48. Rxf5+ Ke7 49. Rxg5 a4 50. Rg1 a3 51. Ra1 a2 52. Ke3 Kf6
53. f4 Kf5 54. Kf3 Ra3+ 55. Kg2 Kxf4 56. Kf2 Rxh3 57. Kg2 Ra3 58. Kh2 Ke3 0-1

[Event "Konik Morski Rewala OPEN A"]
[Site "Rewal"]
[Date "2007.08.28"]
[Round "8.45"]
[White "Warchalowski, Daniel"]
[Black "Stachanczyk, Jacek"]
[Result "0-1"]
[WhiteElo "2061"]
[BlackElo "2186"]
[PlyCount "76"]
[EventDate "2007.??.??"]

1. e4 e5 2. Nf3 Nf6 3. Nc3 Bb4 4. Bc4 O-O 5. d3 d5 6. exd5 Nxd5 7. Bd2 Bxc3 8.
bxc3 Nc6 9. a4 Bf5 10. O-O Qd7 11. a5 a6 12. Bb3 Rfe8 13. Re1 Rad8 14. Ng5 h6
15. Ne4 Bxe4 16. Rxe4 Nf6 17. Re1 Qd6 18. Qb1 e4 19. d4 Ng4 20. g3 Nce5 21. Kg2
Nf3 22. Bf4 Nxe1+ 23. Qxe1 Qd7 24. h3 g5 25. Bxc7 Qxc7 26. hxg4 Qc8 27. Qh1 Rd6
28. Qh5 Rf6 29. Rh1 Qc6 30. d5 Qxc3 31. d6 Qf3+ 32. Kh2 Rxd6 33. Re1 Qxf2+ 34.
Kh3 Qf6 35. Bc4 e3 36. Rf1 Qxf1+ 37. Bxf1 e2 38. Bxe2 Rxe2 0-1

[Event "Konik Morski Rewala OPEN A"]
[Site "Rewal"]
[Date "2007.08.28"]
[Round "8.47"]
[White "Matuszewski, Michal"]
[Black "Malczyk, Jakub"]
[Result "1/2-1/2"]
[WhiteElo "2144"]
[BlackElo "2050"]
[PlyCount "95"]
[EventDate "2007.??.??"]

1. d4 d5 2. c4 c6 3. Nf3 Nf6 4. e3 Bf5 5. Nc3 e6 6. Qb3 Qc8 7. Bd2 Bd6 8. Rc1
O-O 9. h3 h6 10. g4 Be4 11. Nxe4 Nxe4 12. Bd3 Nd7 13. Bb4 Bxb4+ 14. Qxb4 c5 15.
Qb3 dxc4 16. Qxc4 Nd6 17. Qc2 Qc6 18. Qe2 e5 19. e4 exd4 20. Nxd4 Qb6 21. Nf3
Qa5+ 22. Rc3 c4 23. O-O cxd3 24. Rxd3 Qa6 25. Qd1 Nxe4 26. Rxd7 Qxa2 27. Rxb7
Nc5 28. Rc7 Ne6 29. Rc2 Qb3 30. Rd2 Rab8 31. Re1 Qxd1 32. Rexd1 Rb3 33. Ne5 Ng5
34. h4 Nf3+ 35. Nxf3 Rxf3 36. Kg2 Rb3 37. Ra1 Ra8 38. Ra6 Rb7 39. Kg3 Rab8 40.
Ra2 g6 41. f3 Kg7 42. Rc2 Rd8 43. Ra6 Rdb8 44. b4 Rxb4 45. Rxa7 R8b7 46. Rc7
Rxa7 47. Rxa7 Rb5 48. Re7 1/2-1/2

[Event "Konik Morski Rewala OPEN A"]
[Site "Rewal"]
[Date "2007.08.28"]
[Round "8.48"]
[White "Gosciniak, Maria"]
[Black "Korosciel, Aneta"]
[Result "1/2-1/2"]
[WhiteElo "2076"]
[BlackElo "2105"]
[PlyCount "56"]
[EventDate "2007.??.??"]

1. e4 c5 2. Nf3 e6 3. d4 cxd4 4. Nxd4 a6 5. c4 Nf6 6. Nc3 Bb4 7. Bd3 Nc6 8.
Nxc6 dxc6 9. O-O e5 10. a3 Bxc3 11. bxc3 Qa5 12. Qb3 O-O 13. Be3 Qc7 14. c5 Rd8
15. Rfd1 Be6 16. Qb2 Rd7 17. f3 Rad8 18. Be2 Ne8 19. Qb6 Rxd1+ 20. Rxd1 Rxd1+
21. Bxd1 Bc4 22. Qb4 Qd7 23. Bc2 Bd3 24. Bb3 Kf8 25. h3 Ke7 26. Ba2 Bc2 27. Qc4
Kf8 28. Kh2 Bd3 1/2-1/2

[Event "Konik Morski Rewala OPEN A"]
[Site "Rewal"]
[Date "2007.08.28"]
[Round "8.50"]
[White "Organisciak, Wojciech"]
[Black "Dombrowski, Bartosz"]
[Result "1-0"]
[WhiteElo "2095"]
[BlackElo "1942"]
[PlyCount "75"]
[EventDate "2007.??.??"]

1. e4 c5 2. Nf3 d6 3. c3 Nf6 4. Be2 Nc6 5. d4 cxd4 6. cxd4 Nxe4 7. d5 Qa5+ 8.
Nc3 Nxc3 9. bxc3 Ne5 10. Nxe5 dxe5 11. O-O Bd7 12. Qb3 Rb8 13. Re1 g6 14. Ba3
Bg7 15. Bb4 Qd8 16. Qa3 a6 17. Rad1 Ra8 18. c4 a5 19. Bc5 b6 20. Be3 O-O 21.
Rb1 Rb8 22. Rb3 f5 23. Reb1 Rf6 24. c5 f4 25. Bd2 Bf5 26. Rc1 Be4 27. cxb6
Rfxb6 28. Rxb6 Qxb6 29. Qxe7 Bf6 30. Qd7 Qd8 31. Qe6+ Kg7 32. d6 Rb2 33. Rc7+
Kh6 34. Qh3+ Kg5 35. Bxf4+ exf4 36. Rc5+ Bf5 37. Rxf5+ gxf5 38. Qh5# 1-0

[Event "Konik Morski Rewala OPEN A"]
[Site "Rewal"]
[Date "2007.08.28"]
[Round "8.51"]
[White "Marta, Daniele"]
[Black "Gorol, Magdalena"]
[Result "1/2-1/2"]
[WhiteElo "2079"]
[BlackElo "1834"]
[PlyCount "72"]
[EventDate "2007.??.??"]

1. d4 d5 2. Nf3 e6 3. c4 f5 4. g3 Nf6 5. Bg2 c6 6. O-O Bd6 7. b3 O-O 8. Ba3 Qe7
9. Qc1 Ne4 10. Bxd6 Qxd6 11. Qa3 Qc7 12. Nbd2 Nd7 13. Rac1 h6 14. Rfd1 g5 15.
Qe7 Rf7 16. Qxe6 Ndf6 17. Qe5 Qd8 18. Nxe4 fxe4 19. Nxg5 hxg5 20. Qxg5+ Rg7 21.
Qd2 Qe8 22. Rc3 Qh5 23. Qf4 Qxe2 24. Rdc1 Nh5 25. Qe5 Bd7 26. R3c2 Qg4 27. cxd5
Re8 28. Qd6 Rg6 29. h3 Qf5 30. g4 Qf7 31. Qc7 Nf4 32. dxc6 bxc6 33. Bf1 Nd5 34.
Qxa7 Rf8 35. Re1 Qf5 36. Bg2 Qf7 1/2-1/2

[Event "Konik Morski Rewala OPEN A"]
[Site "Rewal"]
[Date "2007.08.28"]
[Round "8.52"]
[White "Slezak, Robert"]
[Black "Krasnodebska, Magdalena"]
[Result "1/2-1/2"]
[WhiteElo "2167"]
[BlackElo "1992"]
[PlyCount "116"]
[EventDate "2007.??.??"]

1. e4 d5 2. exd5 Qxd5 3. Nc3 Qa5 4. g3 c6 5. Bg2 Bf5 6. d3 Nd7 7. Nge2 e5 8. a3
Ngf6 9. O-O Be7 10. Bd2 Qc7 11. h3 O-O 12. g4 Be6 13. Ng3 Nb6 14. Nce4 Nxe4 15.
dxe4 Rfd8 16. Qc1 Nc4 17. Bc3 g6 18. b3 Nb6 19. Qh6 Bf8 20. Qe3 c5 21. a4 a5
22. Rad1 Nd7 23. Nf5 c4 24. Rb1 cxb3 25. cxb3 Nc5 26. Qg5 Nxe4 27. Bxe4 Qxc3
28. Bg2 Rab8 29. Qe3 Qxe3 30. Nxe3 b6 31. Nc4 f6 32. Rfd1 Bc5 33. Rbc1 h6 34.
Kf1 Kf7 35. Ke2 Ke7 36. Rxd8 Rxd8 37. Nxa5 bxa5 38. Rxc5 Bxb3 39. Rxa5 Bc4+ 40.
Ke1 Ke6 41. Rc5 Ba6 42. Be4 Bd3 43. Rc6+ Ke7 44. Bg2 Rd6 45. Kd2 Rxc6 46. Bxc6
Bf1 47. h4 Kd6 48. Be4 Bh3 49. a5 Kc5 50. a6 Kb6 51. f3 f5 52. gxf5 gxf5 53.
Bd3 f4 54. Be2 Bf5 55. Bd3 Bh3 56. Kc3 Bg2 57. Be4 Bf1 58. Bd3 Bg2 1/2-1/2

[Event "Konik Morski Rewala OPEN A"]
[Site "Rewal"]
[Date "2007.08.28"]
[Round "8.53"]
[White "Schroeter, Guenter"]
[Black "Krzywkowski, Marcin"]
[Result "1-0"]
[WhiteElo "2104"]
[BlackElo "1861"]
[PlyCount "73"]
[EventDate "2007.??.??"]

1. e4 e5 2. Nf3 Nc6 3. Bb5 a6 4. Ba4 Nf6 5. O-O Be7 6. Re1 b5 7. Bb3 O-O 8. d4
d6 9. c3 Re8 10. h3 Bb7 11. Nbd2 Bf8 12. d5 Ne7 13. Nf1 h6 14. Ng3 c6 15. dxc6
Bxc6 16. a4 Ng6 17. Qc2 Qb6 18. axb5 axb5 19. Rxa8 Rxa8 20. Be3 Qb7 21. Nd2 Rc8
22. f3 d5 23. exd5 Bxd5 24. Nde4 Nxe4 25. Nxe4 Bxe4 26. fxe4 Bc5 27. Bxc5 Rxc5
28. Qf2 Rc7 29. g3 b4 30. Bd5 Qc8 31. Kg2 bxc3 32. bxc3 h5 33. Ra1 Qd7 34. Ra8+
Kh7 35. Qf3 Kh6 36. Qe3+ Kh7 37. Qg5 1-0

[Event "Konik Morski Rewala OPEN A"]
[Site "Rewal"]
[Date "2007.08.28"]
[Round "8.54"]
[White "Raczynski, Marcin"]
[Black "Kielar, Maciej"]
[Result "1-0"]
[WhiteElo "2044"]
[BlackElo "1976"]
[PlyCount "58"]
[EventDate "2007.??.??"]

1. d4 Nf6 2. c4 g6 3. Nc3 Bg7 4. e4 d6 5. h3 O-O 6. Nf3 e5 7. d5 Nbd7 8. Bg5 h6
9. Be3 Nc5 10. Nd2 Nh5 11. g3 f5 12. exf5 Nf6 13. fxg6 Bf5 14. Bxc5 dxc5 15.
Bg2 Bd3 16. Nce4 Nxe4 17. Bxe4 Qf6 18. Rh2 Bxe4 19. Nxe4 Qxg6 20. Qd3 Rf5 21.
O-O-O Raf8 22. Nxc5 e4 23. Nxe4 Rf3 24. Qc2 Qb6 25. Rd2 Bd4 26. c5 Qb4 27. a3
Rxa3 28. bxa3 Qxa3+ 29. Kd1 Re8 1-0

[Event "Konik Morski Rewala OPEN A"]
[Site "Rewal"]
[Date "2007.08.28"]
[Round "8.55"]
[White "Musialkiewicz, Jan"]
[Black "Czachor, Radoslaw"]
[Result "1/2-1/2"]
[WhiteElo "1926"]
[BlackElo "2038"]
[PlyCount "120"]
[EventDate "2007.??.??"]

1. c4 e5 2. Nc3 Nf6 3. g3 Nc6 4. Bg2 Bb4 5. Nd5 Bc5 6. d3 O-O 7. Nf3 h6 8. O-O
d6 9. Nd2 Bb6 10. Nxb6 axb6 11. b3 d5 12. cxd5 Nxd5 13. Bb2 Re8 14. a3 Be6 15.
b4 Qd7 16. Nc4 Bh3 17. b5 Bxg2 18. Kxg2 Nd4 19. a4 f6 20. e3 Ne6 21. d4 e4 22.
h4 Nd8 23. Qb3 Nf7 24. a5 bxa5 25. Nxa5 Rab8 26. Rfc1 Kh8 27. Ba3 Qe6 28. Rc5
Red8 29. Nc4 Qf5 30. Nd2 Ra8 31. Bb2 Rxa1 32. Bxa1 b6 33. Rc1 Ra8 34. Bc3 Nd6
35. Rb1 Nxc3 36. Qxc3 Qd7 37. Qc6 Qxc6 38. bxc6 Ra2 39. Nb3 Rc2 40. d5 Nc4 41.
Kg1 Nd6 42. Nd4 Rc5 43. Ne6 Rxd5 44. Nxc7 Rc5 45. Rxb6 Nc4 46. Ne6 Nxb6 47.
Nxc5 f5 48. Nb7 Nc8 49. f3 exf3 50. Kf2 Kg8 51. Kxf3 Kf7 52. e4 Ke6 53. Nd8+
Ke7 54. c7 fxe4+ 55. Kxe4 Kd6 56. g4 Ne7 57. h5 Nc8 58. g5 hxg5 59. Kf5 Ne7+
60. Kxg5 Kd7 1/2-1/2

[Event "Konik Morski Rewala OPEN A"]
[Site "Rewal"]
[Date "2007.08.28"]
[Round "8.56"]
[White "Szudra, Heinz-werner"]
[Black "Labedz, Patrycja"]
[Result "0-1"]
[WhiteElo "2029"]
[BlackElo "1942"]
[PlyCount "128"]
[EventDate "2007.??.??"]

1. c4 c6 2. e4 d5 3. exd5 cxd5 4. d4 Nc6 5. Nc3 Nf6 6. Nf3 g6 7. cxd5 Nxd5 8.
Qb3 Nxc3 9. Bc4 e6 10. bxc3 a6 11. Be2 Bg7 12. Ba3 Ne7 13. O-O O-O 14. Rad1 Re8
15. Rfe1 Nc6 16. Bf1 b5 17. d5 Na5 18. Qb2 Qc7 19. d6 Qxc3 20. d7 Bxd7 21. Qxc3
Bxc3 22. Re3 b4 23. Rxd7 Red8 24. Rxd8+ Rxd8 25. Be2 e5 26. Bc1 Nc6 27. Rd3 Nd4
28. Nxd4 exd4 29. Be3 Re8 30. Bf3 dxe3 31. Rxe3 Rxe3 32. fxe3 Kf8 33. Bd5 Ke7
34. Kf1 f6 35. Ke2 Kd6 36. Bg8 h6 37. Bh7 g5 38. g4 a5 39. Bc2 Kc5 40. Ba4 Kc4
41. Bb3+ Kb5 42. Kd3 a4 43. Be6 Be5 44. Bd7+ Ka5 45. Kc4 Bxh2 46. e4 Bd6 47.
Be8 b3 48. axb3 a3 49. b4+ Bxb4 50. Kb3 Bd6 51. Bd7 Kb6 52. Bf5 Kc7 53. Ka2 Bc5
54. Kb3 Kd6 55. Ka2 Ke5 56. Kb3 Kf4 57. Ka2 Kg3 58. Kb1 Kh4 59. Be6 h5 60. gxh5
Kxh5 61. Kc2 Kh4 62. Kd3 Kg3 63. Ke2 g4 64. Kf1 Kh2 0-1

[Event "Konik Morski Rewala OPEN A"]
[Site "Rewal"]
[Date "2007.08.28"]
[Round "8.57"]
[White "Latocha, Aleksander"]
[Black "Roth, Josef"]
[Result "0-1"]
[WhiteElo "1817"]
[BlackElo "2158"]
[PlyCount "50"]
[EventDate "2007.??.??"]

1. e4 c5 2. Nf3 Nc6 3. d4 cxd4 4. Nxd4 Nf6 5. Nc3 d6 6. Bc4 e6 7. O-O Be7 8.
Bg5 O-O 9. Qd2 h6 10. Bh4 Ne5 11. Bxf6 Nxc4 12. Qe2 Bxf6 13. Qxc4 Qb6 14. Nb3
Bd7 15. Rfd1 Rac8 16. Qd3 Be5 17. Rab1 Rfd8 18. Nd4 Be8 19. Nde2 Qc5 20. Kh1
Qxf2 21. a3 a6 22. Rd2 Qh4 23. h3 b5 24. Qf3 Rc4 25. Nd4 Rxd4 0-1

[Event "Konik Morski Rewala OPEN A"]
[Site "Rewal"]
[Date "2007.08.28"]
[Round "8.58"]
[White "Dinckel, Joerg"]
[Black "Czaus, Piotr"]
[Result "1/2-1/2"]
[WhiteElo "2066"]
[BlackElo "1981"]
[PlyCount "92"]
[EventDate "2007.??.??"]

1. d4 Nf6 2. c4 g6 3. Nc3 Bg7 4. e4 d6 5. Be2 O-O 6. Bg5 h6 7. Be3 e5 8. d5 a5
9. Qd2 Kh7 10. f3 Na6 11. g4 Nc5 12. h4 h5 13. g5 Ng8 14. Nh3 Bxh3 15. Rxh3 Qd7
16. Rh2 a4 17. O-O-O Ne7 18. Bf1 Nc8 19. Bh3 Qe7 20. Bxc8 Rfxc8 21. Bxc5 dxc5
22. d6 Qe6 23. d7 Rd8 24. Qd5 c6 25. Qxe6 fxe6 26. Rd6 Kg8 27. Rhd2 Kf7 28. Kc2
Ra5 29. b3 Bf8 30. R6d3 b5 31. Nd1 axb3+ 32. axb3 Ra7 33. Nb2 Ke7 34. Rd1 Rc7
35. R1d2 Rcxd7 36. Rxd7+ Rxd7 37. Rxd7+ Kxd7 38. Nd3 Kd6 39. Kc3 Be7 40. Kc2
Bd8 41. Ne1 Bc7 42. Ng2 Ke7 43. Kd3 Ba5 44. Kc2 Bb4 45. Kd3 Ba5 46. Kc2 Bb4
1/2-1/2

[Event "Konik Morski Rewala OPEN A"]
[Site "Rewal"]
[Date "2007.08.28"]
[Round "8.59"]
[White "Walas, Aleksandra"]
[Black "Jensen, Christine"]
[Result "0-1"]
[WhiteElo "1884"]
[BlackElo "2018"]
[PlyCount "60"]
[EventDate "2007.??.??"]

1. e4 c5 2. Nf3 e6 3. d4 cxd4 4. Nxd4 Nf6 5. Bd3 Nc6 6. c3 d5 7. Nxc6 bxc6 8.
e5 Nd7 9. Qe2 a5 10. Nd2 Qc7 11. Nf3 h6 12. Bf4 Nc5 13. Bc2 Ba6 14. Qd1 Rb8 15.
Rb1 g5 16. Bg3 Bg7 17. h3 Ne4 18. Bh2 O-O 19. Bd3 Qb6 20. O-O Rb7 21. Nd4 Rfb8
22. Bxa6 Qxa6 23. f3 Nxc3 24. bxc3 Rxb1 25. Qxb1 Rxb1 26. Rxb1 Qd3 27. Rb8+ Kh7
28. Rb3 c5 29. Nc6 a4 30. Ra3 Qb1+ 0-1

[Event "Konik Morski Rewala OPEN A"]
[Site "Rewal"]
[Date "2007.08.29"]
[Round "9.8"]
[White "Zgadzaj, Rafal"]
[Black "Aliavdin, Nikolai"]
[Result "0-1"]
[WhiteElo "2212"]
[BlackElo "2403"]
[PlyCount "112"]
[EventDate "2007.??.??"]

1. Nf3 g6 2. c4 Bg7 3. Nc3 Nf6 4. g3 d5 5. cxd5 Nxd5 6. Bg2 O-O 7. O-O Nb6 8.
d3 Nc6 9. a3 e5 10. Bd2 Nd4 11. Rc1 Bg4 12. Nxd4 exd4 13. Ne4 c6 14. h3 Be6 15.
Nc5 Bc8 16. Ba5 Qe7 17. Bb4 a5 18. Bd2 Re8 19. Re1 Nd5 20. Qb3 b6 21. Bxd5 cxd5
22. Qxd5 Bxh3 23. Bg5 Qa7 24. Ne4 Re5 25. Qd6 Re6 26. Qf4 Bf5 27. Bh6 Be5 28.
Qh4 Bxe4 29. dxe4 Rae8 30. Rc2 Qb8 31. Rec1 Bf6 32. Qg4 Rxe4 33. Qxe4 Rxe4 34.
Rc8+ Re8 35. Rxb8 Rxb8 36. Rc6 Be5 37. f4 Bh8 38. b3 f5 39. Rc7 Bf6 40. Kf2 b5
41. Ke1 Re8 42. Rc6 Kf7 43. Rc7+ Re7 44. Rxe7+ Bxe7 45. a4 bxa4 46. bxa4 Ke6
47. Kd2 Kd5 48. Kd3 Bb4 49. Bg7 Be1 50. Bxd4 Bxg3 51. Bc3 Bxf4 52. Bxa5 g5 53.
Be1 h5 54. a5 h4 55. a6 Ke6 56. Bf2 h3 0-1

[Event "Konik Morski Rewala OPEN A"]
[Site "Rewal"]
[Date "2007.08.29"]
[Round "9.9"]
[White "Mazurkiewicz, Michal"]
[Black "Malinin, Vasily B"]
[Result "1-0"]
[WhiteElo "2199"]
[BlackElo "2375"]
[PlyCount "86"]
[EventDate "2007.??.??"]

1. e4 Nc6 2. Nf3 e5 3. Bb5 a6 4. Bxc6 dxc6 5. O-O f6 6. d4 exd4 7. Nxd4 c5 8.
Nb3 Qxd1 9. Rxd1 Bd6 10. Nc3 Ne7 11. Be3 c4 12. Nd2 Be6 13. f4 Nc6 14. a3 O-O
15. Nf3 Rfe8 16. Re1 Bf7 17. g3 b5 18. Nd4 Nxd4 19. Bxd4 Rad8 20. Bf2 c6 21.
Bb6 Rb8 22. Bf2 Bh5 23. Kg2 Bc7 24. h3 c5 25. Bxc5 Rbd8 26. g4 Bf7 27. Kf3 g5
28. fxg5 fxg5 29. Rad1 Bg6 30. Rxd8 Bxd8 31. Bd6 Re6 32. e5 Bxc2 33. Ne4 Rh6
34. Ng3 Kf7 35. Kg2 Ke6 36. Rf1 Rg6 37. Rf8 Be7 38. Re8 Rg7 39. Nf5 Bxf5 40.
gxf5+ Kxf5 41. Bxe7 g4 42. h4 Rf7 43. Bd6 Rd7 1-0

[Event "Konik Morski Rewala OPEN A"]
[Site "Rewal"]
[Date "2007.08.29"]
[Round "9.10"]
[White "Panocki, Adrian"]
[Black "Sieciechowicz, Marcin"]
[Result "1-0"]
[WhiteElo "2273"]
[BlackElo "2214"]
[PlyCount "63"]
[EventDate "2007.??.??"]

1. e4 c5 2. Nf3 d6 3. d4 cxd4 4. Nxd4 Nf6 5. Nc3 a6 6. Bc4 e6 7. O-O b5 8. Bb3
Be7 9. Qf3 Qb6 10. Be3 Qb7 11. Qg3 b4 12. Na4 Nbd7 13. f3 O-O 14. Rfe1 a5 15.
Ne2 Ra6 16. Rac1 Ne5 17. c4 Nh5 18. Qh3 g6 19. c5 d5 20. f4 Nc4 21. e5 Bd7 22.
Bxc4 dxc4 23. Nb6 Bb5 24. a4 bxa3 25. bxa3 Qc7 26. Nxc4 Bxc5 27. Nd6 Bxe2 28.
Rxc5 Nxf4 29. Qh6 Qb6 30. Ne4 f5 31. Nf6+ Rxf6 32. Rc8+ 1-0

[Event "Konik Morski Rewala OPEN A"]
[Site "Rewal"]
[Date "2007.08.29"]
[Round "9.11"]
[White "Rudolf, Michal"]
[Black "Tokarski, Lukasz"]
[Result "1/2-1/2"]
[WhiteElo "2419"]
[BlackElo "2168"]
[PlyCount "153"]
[EventDate "2007.??.??"]

1. e4 c5 2. Nf3 d6 3. d4 Nf6 4. Nc3 cxd4 5. Nxd4 a6 6. f4 e5 7. Nf3 Nbd7 8. Bd3
b5 9. O-O Be7 10. Qe1 O-O 11. fxe5 dxe5 12. Bg5 Bb7 13. Rd1 Qb6+ 14. Kh1 Rfe8
15. Bxf6 Nxf6 16. Nxe5 Bd8 17. Nf3 b4 18. Nb1 Bxe4 19. Bxe4 Rxe4 20. Qd2 Bc7
21. c3 Rae8 22. Rde1 Ng4 23. Rxe4 Rxe4 24. Qd5 Nf6 25. Qd3 Re8 26. Nbd2 bxc3
27. bxc3 Qd6 28. Qxd6 Bxd6 29. Re1 Rc8 30. c4 Bb4 31. Kg1 Kf8 32. Re2 Nd7 33.
Kf2 Nb6 34. Re4 Na4 35. Re1 Nc3 36. Rc1 Nxa2 37. Ra1 Bc5+ 38. Ke2 Nb4 39. Nb3
Bd6 40. Nfd2 Re8+ 41. Kf3 Re5 42. Ra4 Rf5+ 43. Kg4 Rf4+ 44. Kh3 Be7 45. c5 Nd3
46. Rxa6 Bxc5 47. Nxc5 Nxc5 48. Rc6 Ne6 49. Nf3 g5 50. Kg3 h5 51. h3 h4+ 52.
Kf2 Kg7 53. Ke3 Ra4 54. Rc2 f5 55. Kf2 Kf6 56. Rc6 Ra2+ 57. Kf1 Ke7 58. Rb6
Ra1+ 59. Kf2 Ra2+ 60. Kf1 Ra4 61. Kf2 Re4 62. Rb5 Kf6 63. Rb6 Ke7 64. Rb5 Rf4
65. Ke3 Kf6 66. Rb6 Re4+ 67. Kf2 g4 68. hxg4 Rxg4 69. Ra6 Rb4 70. Kg1 Rg4 71.
Kh2 Ke7 72. Ra7+ Kf6 73. Ra6 Ke7 74. Ra7+ Kd6 75. Rh7 Nf4 76. Nxh4 Ke5 77. Nf3+
1/2-1/2

[Event "Konik Morski Rewala OPEN A"]
[Site "Rewal"]
[Date "2007.08.29"]
[Round "9.12"]
[White "Jerezperez, Alfonso"]
[Black "Jozwicki, Jakub"]
[Result "1-0"]
[WhiteElo "2397"]
[BlackElo "2178"]
[PlyCount "101"]
[EventDate "2007.??.??"]

1. e4 c5 2. Nf3 e6 3. c3 Nf6 4. e5 Nd5 5. d4 cxd4 6. cxd4 d6 7. Bc4 Nb6 8. Bd3
Bd7 9. Nc3 Bc6 10. Bf4 Nd5 11. Bg3 Nd7 12. exd6 Nxc3 13. bxc3 Nf6 14. O-O Bxd6
15. Ne5 O-O 16. Qe2 Rc8 17. c4 Bb4 18. Nxc6 bxc6 19. Rad1 c5 20. d5 exd5 21.
cxd5 Re8 22. Qf3 c4 23. Bf5 Rc5 24. d6 Qa5 25. Bc2 Qxa2 26. Bb1 Qa4 27. Bh4 Nd7
28. Qb7 a5 29. Bc2 Qb5 30. Qxb5 Rxb5 31. Ba4 Rb7 32. Bc6 Ra7 33. Bg5 Rc8 34.
Be3 Rxc6 35. Bxa7 c3 36. Be3 c2 37. Rd3 Bxd6 38. Rc1 f6 39. Rd2 a4 40. Rdxc2
Rxc2 41. Rxc2 Kf7 42. Rc6 Ke7 43. Ra6 a3 44. Bc1 Be5 45. Bxa3+ Kf7 46. g3 g5
47. Kg2 g4 48. h3 h5 49. f4 gxf3+ 50. Kxf3 Nb8 51. Ra7+ 1-0

[Event "Konik Morski Rewala OPEN A"]
[Site "Rewal"]
[Date "2007.08.29"]
[Round "9.13"]
[White "Pigula, Marek"]
[Black "Maryasin, Boris"]
[Result "1/2-1/2"]
[WhiteElo "2141"]
[BlackElo "2321"]
[PlyCount "73"]
[EventDate "2007.??.??"]

1. e4 c5 2. Nf3 Nc6 3. d4 cxd4 4. Nxd4 Qb6 5. Nb3 Nf6 6. Nc3 e6 7. Bd3 a6 8.
Qe2 Qc7 9. O-O Be7 10. f4 d6 11. Bd2 b5 12. Rae1 Bb7 13. a3 O-O 14. Rf3 b4 15.
Nd1 bxa3 16. e5 dxe5 17. fxe5 Nxe5 18. Qxe5 Qxe5 19. Rxe5 Bxf3 20. gxf3 axb2
21. Nxb2 Nd5 22. Re4 Rfc8 23. Na4 Rab8 24. Kf1 Bb4 25. Ke2 a5 26. Nxa5 f5 27.
Rd4 Bxd2 28. Kxd2 Kf7 29. Nb3 Rb4 30. Rxb4 Nxb4 31. Nac5 g5 32. Ke3 h5 33. Bc4
Nxc2+ 34. Kd2 Nd4 35. Nxd4 Rxc5 36. Bxe6+ Kf6 37. Bxf5 1/2-1/2

[Event "Konik Morski Rewala OPEN A"]
[Site "Rewal"]
[Date "2007.08.29"]
[Round "9.14"]
[White "Gorecka, Joanna"]
[Black "Paci, Cedric"]
[Result "1/2-1/2"]
[WhiteElo "2089"]
[BlackElo "2304"]
[PlyCount "36"]
[EventDate "2007.??.??"]

1. e4 c5 2. Nf3 Nc6 3. d4 cxd4 4. Nxd4 g6 5. c4 Bg7 6. Be3 Nf6 7. Nc3 O-O 8.
Be2 d6 9. O-O Bd7 10. Qd2 Nxd4 11. Bxd4 Bc6 12. f3 Nd7 13. Be3 a5 14. b3 Nc5
15. Rab1 Qb6 16. Rfc1 Rfc8 17. Rc2 Qd8 18. Bf1 h5 1/2-1/2

[Event "Konik Morski Rewala OPEN A"]
[Site "Rewal"]
[Date "2007.08.29"]
[Round "9.15"]
[White "Majdan, Joanna"]
[Black "Walentukiewicz, Michal"]
[Result "1/2-1/2"]
[WhiteElo "2296"]
[BlackElo "2201"]
[PlyCount "58"]
[EventDate "2007.??.??"]

1. e4 c5 2. Nf3 Nc6 3. Nc3 g6 4. d4 cxd4 5. Nxd4 Bg7 6. Be3 Nf6 7. Bc4 O-O 8.
Bb3 d6 9. h3 Na5 10. O-O Nxb3 11. axb3 a6 12. f4 d5 13. e5 Ne4 14. Nde2 Nxc3
15. Nxc3 Be6 16. Na4 Rc8 17. Rf2 Rc6 18. Nc5 Qc8 19. b4 Rd8 20. c3 Bf5 21. Rd2
Be6 22. c4 d4 23. Rxd4 Rxd4 24. Qxd4 Bf5 25. Rd1 Rd6 26. exd6 Bxd4 27. Rxd4
exd6 28. Rxd6 Qc7 29. Rd4 h5 1/2-1/2

[Event "Konik Morski Rewala OPEN A"]
[Site "Rewal"]
[Date "2007.08.29"]
[Round "9.16"]
[White "Swiercz, Dariusz"]
[Black "Dragun, Kamil"]
[Result "1/2-1/2"]
[WhiteElo "2281"]
[BlackElo "2050"]
[PlyCount "152"]
[EventDate "2007.??.??"]

1. e4 c5 2. Nf3 Nc6 3. d4 cxd4 4. Nxd4 Nf6 5. Nc3 d6 6. Bg5 e6 7. Qd3 a6 8.
O-O-O Qc7 9. f4 Bd7 10. Be2 Be7 11. Nb3 b5 12. Bxf6 gxf6 13. Bh5 Rc8 14. Kb1
Nb4 15. Qd2 Nxc2 16. Rc1 Nb4 17. Nd5 Nxd5 18. Rxc7 Nxc7 19. Nd4 Na8 20. f5 e5
21. Ne6 Bc6 22. Re1 h6 23. Qd3 Rh7 24. Rc1 Nb6 25. b3 a5 26. Rxc6 Rxc6 27. Qg3
Kd7 28. Qg8 d5 29. Qxh7 fxe6 30. Qg8 Kc7 31. Be8 Rd6 32. Qf7 Nc8 33. fxe6 dxe4
34. Bxb5 e3 35. Qh5 Rxe6 36. Qh3 Rb6 37. a4 Bc5 38. Qxh6 Rd6 39. Qh7+ Kb6 40.
Qe4 Na7 41. h4 Rd4 42. Qc2 Nxb5 43. axb5 Rxh4 44. Qe2 Rd4 45. Qf3 Kxb5 46. g4
e4 47. Qf1+ Rd3 48. Qe2 Kb6 49. Qf1 Bd4 50. g5 fxg5 51. Qf7 Bc5 52. Qe6+ Rd6
53. Qxe4 Rd1+ 54. Kc2 Rd2+ 55. Kc1 Rd4 56. Qe6+ Kb5 57. Kc2 Rd2+ 58. Kc1 Rd4
59. Kb2 Rd6 60. Qe8+ Kb6 61. Qb8+ Kc6 62. Qa8+ Kb6 63. Qb8+ Kc6 64. Kc3 Rd4 65.
Qe8+ Kd6 66. Qg6+ Kc7 67. Qxg5 Kb6 68. Qe5 Rd6 69. Qe8 Bb4+ 70. Kc4 Rc6+ 71.
Kd3 Rc3+ 72. Ke4 Kc7 73. Qf7+ Kc6 74. Qe6+ Kc7 75. Qe5+ Kc6 76. Qd5+ Kc7
1/2-1/2